000 01377nam a22002777a 4500
999 _c65796
_d65796
005 20240530110843.0
008 200912s2020 ua a f b 000 0dara d
017 _a2019/3951
_bمصر. دار الكتب
020 _a97897775359306
040 _aEG-CaGPL
_cEG-CaGPL
082 0 4 _221
_a729\
_bح ح
100 0 _aحسين صبرى الزغبى
245 1 2 _aالحليات المعمارية على الفنون التطبيقية فى الاندلس منذ عصر الدولة الاموية حتى سقوط دولة بنى نصر /
_cتاليف حسين صبرى الزغبى ؛ تقديم حنان عبدالفتاح مطاوع
250 _aط.1
260 _aالاسكندرية :
_bدار الوفاء لدنيا الطباعة و النشر،
_c2020
300 _a560 ص. :
_bصور لو ؛
_c24 سم.
504 _aيشتمل على ارجاعات ببليوجرافية
650 0 7 _aالاثار الاسلامية
_2qrmak
650 0 7 _aالاثار الاسلامية
_zالاندلس
_yعصر الدولة الاموية
_2qrmak
650 0 7 _aالعمارة الاسلامية
_2qrmak
_zالاندلس
650 0 7 _aالعمارة الاسلامية
_zدولة بنى نصر
651 _aدولة بنى نصر
700 0 _aحنان عبدالفتاح مطاوع
_eمقدم
942 _2ddc
_cBK